000 01430nam a2200337Ia 4500
001 ebr10278266
003 CaPaEBR
006 m u
007 cr cn|||||||||
008 920428s1993 nyua sbf 001 0 eng d
010 _z 92014870
020 _z9780195106602
020 _z0195069528 (acid-free paper)
020 _z0195106601 (pbk.)
040 _aCaPaEBR
_cCaPaEBR
035 _a(OCoLC)608100466
050 1 4 _aE172
_b.B88 1993eb
082 0 4 _a363.6/9
_220
100 1 _aButcher-Younghans, Sherry.
245 1 0 _aHistoric house museums
_h[electronic resource] :
_ba practical handbook for their care, preservation, and management /
_cSherry Butcher-Younghans.
260 _aNew York :
_bOxford University Press,
_c1993.
300 _avi, 269 p. :
_bill.
504 _aIncludes bibliographical references (p. [243]-262) and index.
533 _aElectronic reproduction.
_bPalo Alto, Calif. :
_cebrary,
_d2009.
_nAvailable via World Wide Web.
_nAccess may be limited to ebrary affiliated libraries.
650 0 _aHistorical museums
_zUnited States
_vHandbooks, manuals, etc.
650 0 _aMuseum conservation methods
_zUnited States.
650 0 _aDwellings
_xConservation and restoration
_zUnited States.
655 7 _aElectronic books.
_2local
710 2 _aebrary, Inc.
856 4 0 _uhttp://site.ebrary.com/lib/rucke/Doc?id=10278266
_zAn electronic book accessible through the World Wide Web; click to view
999 _c4250
_d4250